000 00194 a2200097 4500
020 _a9789996432460
041 _aspa
100 _aEspinoza, Lesbia
245 _aLa chicharra cantora
942 _cBK
999 _c29776
_d29774